Vývoj dovozu SR z krajín EÚ bakalárska práca

Saved in:
Bibliographic Details
Main Author: Ešeková, Michaela
Corporate Author: Fakulta hospodárskej informatiky EU. Katedra štatistiky
Other Authors: Rublíková, Eva
Format: Book
Language:Slovak
Published: Bratislava 2009
Tags: Add Tag
No Tags, Be the first to tag this record!

MARC

LEADER 00000nam$a2200000$$$4500
001 0103736
005 20240319125204.1
041 0 |a slo 
044 |a SK 
245 1 0 |a Vývoj dovozu SR z krajín EÚ  |b bakalárska práca  |c Michaela Ešeková ; škol. Eva Rublíková 
264 1 |a Bratislava  |c 2009 
300 |a 29 s. 
100 1 |a Ešeková, Michaela 
700 1 |a Rublíková, Eva 
710 2 |a Fakulta hospodárskej informatiky EU. Katedra štatistiky